| 000 | 01051nam a22002655a 4500 | ||
|---|---|---|---|
| 999 |
_c27546 _d27517 |
||
| 003 | EG-ScBUE | ||
| 005 | 20190618135442.0 | ||
| 008 | 190618s2018 ua grb 000 0 ara d | ||
| 017 | _a2018 / 2087 | ||
| 020 | _a9789772052707 | ||
| 040 |
_aEG-ScBUE _bara _cEG-ScBUE _dEG-ScBUE |
||
| 082 | 0 | 4 |
_a297.294 _bأ ح م _222 |
| 100 | 1 | _aأحمد، محيي الدين عفيفي. | |
| 245 | 1 | 0 |
_aمسلمو الروهينجا بين الصمت والخذلان / _cمحيي الدين عفيفي أحمد. |
| 260 |
_aالقاهرة : _bالأزهر الشريف، مجمع البحوث الإسلامية، _c2018. |
||
| 300 |
_a145 ص. ؛ _c22 سم. |
||
| 490 | 0 |
_aسلسلة مجمع البحوث الإسلامية. _aالسلسلة العلمية ؛ _v49 |
|
| 504 | _aيشتمل على إرجاعات ببليوجرافية. | ||
| 541 |
_aDr. Noha Gamal ; _cDonation ; |
||
| 650 | 7 |
_aالمسلمون _zبورما. _2BUEsh |
|
| 650 | 7 |
_aالروهينجا (يورما). _2BUEsh |
|
| 651 | _2BUEsh | ||
| 653 |
_bGGEN _cJune2019 |
||
| 942 | _2ddc | ||